00824nam a2200217 a 450000100100000000500170001000800410002704000250006804100380009308200150013110000290014624000400017524500840021526000560029930000210035553400500037670000410042604900090046795201130047699900170058900002514720200930023604.0110208s1976 ||| r 000 | spa d aDO-SdBNPbspacBNPHU aenghspa2Código de idioma MARC axxxbA193l1 aAshcraft , Morris951564 0aThe forgiveness of sins.lEspañol13aEl Perdon de pecados /cMorris Ashcraft ; traducción María Teresa La Valle. a[ s. l. ] :bCasa Bautista de Publicaciones,c1976. a143 p. ;c18 cm. aTítulo original :tThe forgiveness of sins.1 aValle, María Teresa Laetr.951565 aBNGR 001050718MOaGRbGRcCTd2011-02-10iLF1l0oxxx A193lp25147-10r2020-06-25w2020-06-25y1ZNo se presta c24640d24640